La grande encyclopesdie

में बचाया:
ग्रंथसूची विवरण
स्वरूप: पुस्तक
भाषा:Undetermined
प्रकाशित: Paris Librairie Larousse 1972
विषय:
टैग : टैग जोड़ें
कोई टैग नहीं, इस रिकॉर्ड को टैग करने वाले पहले व्यक्ति बनें!
Thư viện lưu trữ: Trung tâm Học liệu Trường Đại học Cần Thơ
LEADER 00435nam a2200157Ia 4500
001 CTU_76740
008 210402s9999 xx 000 0 und d
082 |a 034 
082 |b G751/N.9 
245 0 |a La grande encyclopesdie 
260 |a Paris 
260 |b Librairie Larousse 
260 |c 1972 
650 |a Encyclopedias and dictionaries,Larousse 
904 |i Tuyến,Hải 
980 |a Trung tâm Học liệu Trường Đại học Cần Thơ